000
00226nam a22000857a 4500
008
160718b xxu||||| |||| 00| 0 eng d
100
_9
2999
_a
Baig, M.I., et al
245
_a
Integrated Mathematics - 1
260
_a
New Delhi
_b
Navdeep
999
_c
2562
_d
2562